Produktový marketing U. S. Steel Košice

Firmy a produktové stratégie. Stručná charakteristika korporácie U. S. Steel Corporation. Charakteristika produktu hute. Produkty a produkcia U. S. Steel Košice. Svetový trh ocele. Ťažisko marketingu produktu v U. S. Steel Košice. Marketingový prístup k produktu. Cieľ moderného produktového ma...

Descrizione completa

Salvato in:
Dettagli Bibliografici
Autore principale: Sklenár, Štefan
Natura: Capitolo di libro
Lingua:slovacco
Soggetti:
Tags: Aggiungi Tag
Nessun Tag, puoi essere il primo ad aggiungerne!!

MARC

LEADER 00000naa$a2200000$$$4500
001 0008260
005 20230907084841.7
041 0 |a slo 
044 |a SK 
245 1 0 |a Produktový marketing U. S. Steel Košice  |c aut. Štefan Sklenár 
520 |a Firmy a produktové stratégie. Stručná charakteristika korporácie U. S. Steel Corporation. Charakteristika produktu hute. Produkty a produkcia U. S. Steel Košice. Svetový trh ocele. Ťažisko marketingu produktu v U. S. Steel Košice. Marketingový prístup k produktu. Cieľ moderného produktového marketingu. Vytvorenie tzv. produktových marketingových tímov. Vypracovanie marketingovej štúdie, jej obsah. Technický servis pre zákazníka. Spokojnosť zákazníka a jej hodnotenie. Výskum a vývoj nových výrobkov. 
610 2 0 |a marketing 
610 2 0 |a produkty 
610 2 0 |a stratégia marketingová 
610 2 0 |a hutníctvo 
610 2 0 |a výrobky hutnícke 
610 2 0 |a konkurencieschopnosť 
610 2 0 |a oceliarne 
610 2 0 |a oceľ 
610 2 0 |a komunikácia marketingová 
610 2 0 |a spokojnosť zákazníkov 
100 1 |a Sklenár, Štefan